00295pam a2200121 a 4500020001700000041000500017082001500022100001600037245005500053260003900108300000900147653001700156 a027279645Xc h a615.1bTRI aBleehen, T. aPocket Examiner in PharmacologyhTextual Documents aLondonbPitman Books Limitedc1983 a268. aPharmacology